<?xml version="1.0" encoding="UTF-8"?>
<record
    xmlns:xsi="http://www.w3.org/2001/XMLSchema-instance"
    xsi:schemaLocation="http://www.loc.gov/MARC21/slim http://www.loc.gov/standards/marcxml/schema/MARC21slim.xsd"
    xmlns="http://www.loc.gov/MARC21/slim">

  <leader>01628nam a2200205Ia 4500</leader>
  <controlfield tag="003">OSt</controlfield>
  <controlfield tag="005">20260509124652.0</controlfield>
  <controlfield tag="008">210210b1988   xxu||||| |||| 00| 0 eng d</controlfield>
  <datafield tag="040" ind1=" " ind2=" ">
    <subfield code="c">AL</subfield>
  </datafield>
  <datafield tag="041" ind1=" " ind2=" ">
    <subfield code="a">Kannada</subfield>
  </datafield>
  <datafield tag="082" ind1=" " ind2=" ">
    <subfield code="a">370K JYOK</subfield>
  </datafield>
  <datafield tag="100" ind1=" " ind2=" ">
    <subfield code="a">JYOTHSNA KAMATHA</subfield>
    <subfield code="d">&#xC9C;&#xCCD;&#xCAF;&#xCCB;&#xCA4;&#xCCD;&#xCB8;&#xCCD;&#xCA8;&#xCBE; &#xC95;&#xCBE;&#xCAE;&#xCA4;</subfield>
    <subfield code="9">263748</subfield>
  </datafield>
  <datafield tag="245" ind1=" " ind2=" ">
    <subfield code="a">Karnatakada shikshana parampare.</subfield>
    <subfield code="b">&#xC95;&#xCB0;&#xCCD;&#xCA8;&#xCBE;&#xC9F;&#xC95;&#xCA6; &#xCB6;&#xCBF;&#xC95;&#xCCD;&#xCB7;&#xCA3; &#xCAA;&#xCB0;&#xC82;&#xCAA;&#xCB0;&#xCC6;</subfield>
  </datafield>
  <datafield tag="260" ind1=" " ind2=" ">
    <subfield code="a">Mumbai.</subfield>
    <subfield code="b">Mumbai Vishwavidyalaya.,</subfield>
    <subfield code="c">1988</subfield>
  </datafield>
  <datafield tag="300" ind1=" " ind2=" ">
    <subfield code="a">103,99</subfield>
  </datafield>
  <datafield tag="520" ind1=" " ind2=" ">
    <subfield code="a">&#xC95;&#xCB0;&#xCCD;&#xCA8;&#xCBE;&#xC9F;&#xC95;&#xCA6;&#xCB2;&#xCCD;&#xCB2;&#xCBF; &#xC9C;&#xCC8;&#xCA8; &#xCAC;&#xCB8;&#xCA6;&#xCBF;&#xC97;&#xCB3;&#xCC1;, &#xCB9;&#xCBF;&#xC82;&#xCA6;&#xCC2; &#xC97;&#xCC1;&#xCB0;&#xCC1;&#xC95;&#xCC1;&#xCB2;&#xC97;&#xCB3;&#xCC1; &#xCAE;&#xCA4;&#xCCD;&#xCA4;&#xCC1; &#xCAC;&#xCCC;&#xCA6;&#xCCD;&#xCA7; &#xCB5;&#xCBF;&#xCB9;&#xCBE;&#xCB0;&#xC97;&#xCB3;&#xCC1; &#xCB6;&#xCBF;&#xC95;&#xCCD;&#xCB7;&#xCA3; &#xC95;&#xCC7;&#xC82;&#xCA6;&#xCCD;&#xCB0;&#xC97;&#xCB3;&#xCBE;&#xC97;&#xCBF; &#xCB9;&#xCC7;&#xC97;&#xCC6; &#xC95;&#xCBE;&#xCB0;&#xCCD;&#xCAF;&#xCA8;&#xCBF;&#xCB0;&#xCCD;&#xCB5;&#xCB9;&#xCBF;&#xCB8;&#xCC1;&#xCA4;&#xCCD;&#xCA4;&#xCBF;&#xCA6;&#xCCD;&#xCA6;&#xCB5;&#xCC1; &#xC8E;&#xC82;&#xCAC;&#xCC1;&#xCA6;&#xCA8;&#xCCD;&#xCA8;&#xCC1; &#xCB5;&#xCBF;&#xCB5;&#xCB0;&#xCBF;&#xCB8;&#xCB2;&#xCBE;&#xC97;&#xCBF;&#xCA6;&#xCC6;. &#xC9C;&#xCC8;&#xCA8; &#xCA7;&#xCB0;&#xCCD;&#xCAE;&#xCA6; &#xCAA;&#xCCD;&#xCB0;&#xCAD;&#xCBE;&#xCB5;, &#xCA8;&#xC82;&#xCA4;&#xCB0;&#xCA6; &#xCA6;&#xCBF;&#xCA8;&#xC97;&#xCB3;&#xCB2;&#xCCD;&#xCB2;&#xCBF; &#xCB9;&#xCBF;&#xC82;&#xCA6;&#xCC2; (&#xCB5;&#xCC8;&#xCA6;&#xCBF;&#xC95;) &#xCB6;&#xCBF;&#xC95;&#xCCD;&#xCB7;&#xCA3; &#xCAA;&#xCA6;&#xCCD;&#xCA7;&#xCA4;&#xCBF;&#xCAF; &#xCAC;&#xCC6;&#xCB3;&#xCB5;&#xCA3;&#xCBF;&#xC97;&#xCC6; &#xCAE;&#xCA4;&#xCCD;&#xCA4;&#xCC1; &#xC9C;&#xCCD;&#xC9E;&#xCBE;&#xCA8;&#xCBE;&#xCB0;&#xCCD;&#xC9C;&#xCA8;&#xCC6;&#xC97;&#xCC6; &#xCA8;&#xCC0;&#xCA1;&#xCC1;&#xCA4;&#xCCD;&#xCA4;&#xCBF;&#xCA6;&#xCCD;&#xCA6; &#xCAE;&#xCB9;&#xCA4;&#xCCD;&#xCB5;&#xCB5;&#xCA8;&#xCCD;&#xCA8;&#xCC1; &#xCB2;&#xCC7;&#xC96;&#xC95;&#xCBF; &#xC9A;&#xCB0;&#xCCD;&#xC9A;&#xCBF;&#xCB8;&#xCBF;&#xCA6;&#xCCD;&#xCA6;&#xCBE;&#xCB0;&#xCC6;. &#xC95;&#xCB0;&#xCCD;&#xCA8;&#xCBE;&#xC9F;&#xC95;&#xCA6; &#xCB8;&#xCBE;&#xCB9;&#xCBF;&#xCA4;&#xCCD;&#xCAF;, &#xC95;&#xCB2;&#xCC6;, &#xCAE;&#xCA4;&#xCCD;&#xCA4;&#xCC1; &#xCB8;&#xC82;&#xCB8;&#xCCD;&#xC95;&#xCC3;&#xCA4;&#xCBF;&#xCAF; &#xC9C;&#xCCA;&#xCA4;&#xCC6;&#xC97;&#xCC6; &#xCB6;&#xCBF;&#xC95;&#xCCD;&#xCB7;&#xCA3;&#xCB5;&#xCC1; &#xCB9;&#xCC7;&#xC97;&#xCC6; &#xCB5;&#xCBF;&#xC95;&#xCB8;&#xCA8;&#xC97;&#xCCA;&#xC82;&#xCA1;&#xCBF;&#xCA4;&#xCC1; &#xC8E;&#xC82;&#xCAC;&#xCC1;&#xCA6;&#xCA8;&#xCCD;&#xCA8;&#xCC1; &#xC88; &#xC95;&#xCC3;&#xCA4;&#xCBF; &#xCB5;&#xCBF;&#xCB6;&#xCCD;&#xCB2;&#xCC7;&#xCB7;&#xCBF;&#xCB8;&#xCC1;&#xCA4;&#xCCD;&#xCA4;&#xCA6;&#xCC6;</subfield>
  </datafield>
  <datafield tag="690" ind1=" " ind2=" ">
    <subfield code="a">Education</subfield>
    <subfield code="9">263749</subfield>
  </datafield>
  <datafield tag="906" ind1=" " ind2=" ">
    <subfield code="a">047930</subfield>
  </datafield>
  <datafield tag="942" ind1=" " ind2=" ">
    <subfield code="2">ddc</subfield>
    <subfield code="c">BK</subfield>
  </datafield>
  <datafield tag="999" ind1=" " ind2=" ">
    <subfield code="c">96860</subfield>
    <subfield code="d">96860</subfield>
  </datafield>
  <datafield tag="952" ind1=" " ind2=" ">
    <subfield code="0">0</subfield>
    <subfield code="1">0</subfield>
    <subfield code="2">ddc</subfield>
    <subfield code="4">0</subfield>
    <subfield code="7">0</subfield>
    <subfield code="8">GEN</subfield>
    <subfield code="a">AL</subfield>
    <subfield code="b">AL</subfield>
    <subfield code="d">2021-02-17</subfield>
    <subfield code="g">75.00</subfield>
    <subfield code="l">0</subfield>
    <subfield code="o">370K JYOK</subfield>
    <subfield code="p">047930</subfield>
    <subfield code="r">2021-02-17 00:00:00</subfield>
    <subfield code="u">https://archive.org/details/karnatakadashiks0000drjy/mode/2up</subfield>
    <subfield code="w">2021-02-17</subfield>
    <subfield code="y">BK</subfield>
  </datafield>
</record>
